War Of Hearts - Ruelle - All Lyrics - Statistics

General Stats
  • This quiz has been taken 38 times
    34 since last reset
  • The average score is 190 of 209
Answer Stats
Answer % Correct
but
100%
can't
100%
hearts
100%
I
100%
in
100%
of
100%
the
100%
war
100%
you
100%
a
95%
help
95%
love
95%
me
95%
to
95%
will
95%
with
95%
'cause
89%
Come
89%
dark
89%
die
89%
even
89%
for
89%
I'd
89%
little
89%
longer
89%
not
89%
oh-oh
89%
Oh-oh-oh,
89%
oh-oh-oh,
89%
oh-oh-oh-oh.
89%
oh-oh-oh-oh,
89%
Stay
89%
this
89%
wait
89%
without
89%
And
84%
and
84%
I'm
84%
know
84%
oceans
84%
sleep
84%
that
84%
though
84%
try
84%
want
84%
consume
79%
night
79%
be
74%
hours
74%
than
74%
thoughts
74%
Thoughts
74%
wrong
74%
deeper
68%
devour
68%
Shadows
68%
stronger
68%
truth
68%
overcome
63%
part
63%
grows
53%
creep
47%
No matching quizzes found
Score Distribution
Percent of People with Each Score
Percentile by Number Answered
Your Score History
You have not taken this quiz since the last reset